| 000 | 01798nam a2200361 a 4500 | ||
|---|---|---|---|
| 001 | 000002944 | ||
| 003 | DO-SdBNP | ||
| 005 | 20250205124808.0 | ||
| 007 | ta | ||
| 008 | 090706s2008 dr ad 001 0 spa d | ||
| 020 | _a9789945162295 | ||
| 040 |
_aDO-SdBNP _bspa _cBNPHU |
||
| 082 |
_a327.729307294 _bR438L _222 |
||
| 245 | 0 | 4 |
_aLos retos del desarrollo insular : _bdesarrollo sostenible, migraciones y derechos humanos en las relaciones domínico-haitiana en el siglo XXI / _ceditores Wilfredo Lozano, Bridget Wooding. |
| 260 |
_aSanto Domingo, : _bFLACSO, _c2008. |
||
| 300 |
_a388 p. : _bil., gráfcs. ; _c23 cm. |
||
| 504 | _aIncluye bibliografía y notas al final de cada capítulo. | ||
| 504 | _aBibliografía : p.363-383. | ||
| 505 | 0 |
_gIntroducción -- _tProcesos de integración, comercio y apertura económica -- _tDesarrollo sostenible, frontera y seguridad -- _tMigraciones, políticas migratorias y derechos humanos -- _tLos retos del desarrollo insular -- _gBibliografía -- _gAutores. |
|
| 590 | _aInventariado, 2018/BT | ||
| 650 | 4 |
_aDesarrollo sostenible _zRepública Dominicana _99357 |
|
| 650 | 4 |
_aDesarrollo sostenible _zHaití _99358 |
|
| 651 | 4 |
_aRepública Dominicana _xRelaciones Exteriores _zHaití _92233 |
|
| 651 | 4 |
_aHaití _xRelaciones Exteriores _zRepública Dominicana _92234 |
|
| 651 | 4 |
_aRepública Dominicana _xEmigración E Inmigración _xAspectos Económicos _99359 |
|
| 651 | 4 |
_aRepública Dominicana _xTratados Comerciales _99360 |
|
| 651 | 4 |
_aRepública Dominicana _xEmigración E Inmigración _xAspectos Sociales _99361 |
|
| 700 | 1 |
_aLozano, Wilfredo _d1950- _eed. _97126 |
|
| 700 | 1 |
_aWooding, Bridget, _eed. _92231 |
|
| 710 | 2 |
_aFLACSO (Organización). _bPrograma República Dominicana _971393 |
|
| 910 | _aValidado. Control de calidad. EMS | ||
| 942 |
_2ddc _cLBS1 |
||
| 999 |
_c2776 _d2776 |
||